| 000 | 01181nam a2200277 i 4500 | ||
|---|---|---|---|
| 003 | DO-SdBNP | ||
| 005 | 20250501100808.0 | ||
| 007 | ta | ||
| 008 | 240523s2005 dr a 000 j spa d | ||
| 040 |
_aDO-SdBNP _bspa _cBNPHU _erda |
||
| 082 |
_bM475 _222 |
||
| 100 |
_aMaza Miquel, Manuel Pablo _d1945- _910881 _eautor |
||
| 245 | 1 | 0 |
_aA Belén para amar y servir : _bcuentos de navidad para niñas y niños de todos los tamaños / _cManuel Pablo Maza Miquel : dibujos Milán Lora : corrección Jeannette Miller |
| 250 | _aSegunda edición | ||
| 264 | 1 |
_aSanto Domingo : _bBiblioteca del Instituto Pedro Francisco Bonó, _bEditora Amigo del Hogar, _c2005. |
|
| 300 |
_a87 páginas, _bilustraciones _c22 cm. |
||
| 336 |
_2rdacontent _atexto _btxt |
||
| 337 |
_2rdamedia _asin mediación _bn |
||
| 338 |
_2rdacarrier _avolumen _bnc |
||
| 500 | _aEl pueblo que habita en tinieblas ha visto una gran luz; a los que habitaban en paraje de sombras de muerte una luz les ha amanecido. Mateo 4:16 | ||
| 590 | _aInventariado, 2024/ YL | ||
| 700 |
_aLora G., Milán _974127 _edibujos |
||
| 700 | 1 |
_aMiller, Jeannette, _d1944- _983484 _ecorrección |
|
| 910 | _aYLockward | ||
| 942 |
_2ddc _cLBS1 |
||
| 999 |
_c56729 _d56729 |
||